000 00387 a2200169 4500
001 74267
020 _a850802384 7
040 _cAnchieta - Colégio São Paulo
100 _aFalcão,Gérson Marinho
240 1 0 _aPsicologia de aprendizagem
_lpor
245 1 0 _aPsicologia de aprendizagem
300 _a
362 0 _a1989
440 1 _aÁtica
650 4 _aEducação
942 _cBK
999 _c74267
_d74267